[Event "TUR Cup"]
[Site "Denizli"]
[Date "2023.07.19"]
[Round "5"]
[White "Dogan, Mire Deniz"]
[Black "Cansel, Erol"]
[Result "1-0"]
[WhiteElo "2079"]
[BlackElo "1492"]
[PlyCount "95"]
[EventDate "2023.07.16"]
[EventType "team-tourn"]
[EventRounds "9"]
[EventCountry "TUR"]
[SourceTitle "CBM 215 Extra"]
[Source "ChessBase"]
[SourceDate "2023.09.30"]
[SourceVersion "1"]
[SourceVersionDate "2023.09.30"]
[SourceQuality "1"]

1. d4 Nf6 2. c4 e6 3. a3 b6 4. Nc3 Bb7 5. Nf3 d5 6. Bg5 Be7 7. e3 0-0 8. Rc1 Ne4 9. Bf4 dxc4 10. Bxc4 c5 11. 0-0 Nd7 12. Nxe4 Bxe4 13. dxc5 Nxc5 14. b4 Nd3 15. Bc7 Qxc7 16. Bxd3 Qb7 17. Bxe4 Qxe4 18. Qd7 Bf6 19. Rc7 a5 20. Nd2 Qf5 21. Nc4 Qh5 22. g3 axb4 23. axb4 Be5 24. Qb5 f6 25. Rb7 Qe2 26. Qd7 Qg4 27. f3 Qg6 28. Qxe6+ Kh8 29. Nxe5 fxe5 30. Qxg6 hxg6 31. Rxb6 Ra3 32. e4 Raxf3 33. Rxf3 Rxf3 34. Rxg6 Re3 35. Rg4 Kh7 36. h4 g6 37. Kf2 Rb3 38. Rg5 Rxb4 39. Rxe5 Kg7 40. Kf3 Kf6 41. Ra5 Rb6 42. Kf4 Rc6 43. g4 Rb6 44. e5+ Ke6 45. Kg5 Rb4 46. Ra6+ Kxe5 47. Rxg6 Rb8 48. h5 1-0

[Event "TUR Cup"]
[Site "Denizli"]
[Date "2023.07.19"]
[Round "6"]
[White "Kilic, Ihsan"]
[Black "Dogan, Mire Deniz"]
[Result "0-1"]
[WhiteElo "1955"]
[BlackElo "2079"]
[PlyCount "66"]
[EventDate "2023.07.16"]
[EventType "team-tourn"]
[EventRounds "9"]
[EventCountry "TUR"]
[SourceTitle "CBM 215 Extra"]
[Source "ChessBase"]
[SourceDate "2023.09.30"]
[SourceVersion "1"]
[SourceVersionDate "2023.09.30"]
[SourceQuality "1"]

1. d4 d5 2. Nf3 Nf6 3. Bf4 c5 4. e3 Nc6 5. c3 Qb6 6. Qb3 c4 7. Qc2 Bf5 8. Qc1 h6 9. h3 e6 10. Nbd2 Qd8 11. Be2 b5 12. a3 Bd6 13. g4 Bh7 14. g5 hxg5 15. Bxg5 Qb8 16. Bxf6 gxf6 17. Bd1 e5 18. Bc2 e4 19. Ng1 Bg6 20. b3 Ke7 21. Rb1 Qc7 22. f4 Bf5 23. Bd1 Rag8 24. bxc4 Bxf4 25. exf4 Qxf4 26. Nf1 Qh4+ 27. Kd2 Rxg1 28. Rxg1 Qf2+ 29. Be2 Rxh3 30. Rg3 Rxg3 31. Nxg3 e3+ 32. Kd1 Qxg3 33. Bh5 Qg1+ 0-1

[Event "Mersin op 6th"]
[Site "Mersin"]
[Date "2022.09.08"]
[Round "7"]
[White "Odeev, Handszar"]
[Black "Dogan, Mire Deniz"]
[Result "1/2-1/2"]
[WhiteElo "2281"]
[BlackElo "2024"]
[PlyCount "23"]
[EventDate "2022.09.04"]
[EventType "swiss"]
[EventRounds "9"]
[EventCountry "TUR"]
[SourceTitle "CBM 210 Extra"]
[Source "ChessBase"]
[SourceDate "2022.11.30"]
[SourceVersion "1"]
[SourceVersionDate "2022.11.30"]
[SourceQuality "1"]

1. e4 e6 2. Qe2 c5 3. b3 Nc6 4. Bb2 Nf6 5. Nc3 d5 6. exd5 Nxd5 7. Nxd5 Qxd5 8. Nf3 f6 9. 0-0-0 Bd7 10. Qe3 0-0-0 11. c3 Nb4 12. Qh6 1/2-1/2

[Event "Titled Tuesday intern op 11th Jan"]
[Site "Chess.com INT"]
[Date "2022.01.11"]
[Round "5"]
[White "Howell, David"]
[Black "Dogan, Mire Deniz"]
[Result "1-0"]
[WhiteElo "2646"]
[BlackElo "1987"]
[PlyCount "81"]
[EventDate "2022.01.11"]
[EventType "swiss (blitz)"]
[EventRounds "11"]
[EventCountry "USA"]
[SourceTitle "CBM 206 Extra"]
[Source "ChessBase"]
[SourceDate "2022.03.31"]
[SourceVersion "1"]
[SourceVersionDate "2022.03.31"]
[SourceQuality "1"]

1. d4 Nf6 2. c4 e6 3. Nc3 d5 4. cxd5 exd5 5. Bg5 Be7 6. e3 0-0 7. Bd3 h6 8. Bh4 c6 9. f3 a5 10. Nge2 a4 11. Nxa4 Qa5+ 12. Nac3 Re8 13. Bf2 b5 14. 0-0 b4 15. Nb1 Bd6 16. Nd2 Ba6 17. Nc1 Qc7 18. h3 Bg3 19. Qe1 Bh2+ 20. Kh1 Nh5 21. Bxa6 Ng3+ 22. Bxg3 Bxg3 23. Qe2 Nxa6 24. Nd3 Qe7 25. e4 c5 26. dxc5 Nxc5 27. Nxb4 dxe4 28. fxe4 Nxe4 29. Nd5 Qh4 30. Nxe4 Rxe4 31. Qf3 f6 32. Nc3 Ree8 33. Rad1 Rad8 34. Rxd8 Rxd8 35. Rd1 Re8 36. Qg4 Qxg4 37. hxg4 Re3 38. a4 Kh7 39. a5 Re5 40. Ra1 Rg5 41. a6 1-0

[Event "Titled Tuesday intern op 04th Jan"]
[Site "Chess.com INT"]
[Date "2022.01.04"]
[Round "4"]
[White "Dogan, Mire Deniz"]
[Black "Renjith, Sravan"]
[Result "1-0"]
[WhiteElo "1987"]
[BlackElo "2127"]
[PlyCount "85"]
[EventDate "2022.01.04"]
[EventType "swiss (blitz)"]
[EventRounds "11"]
[EventCountry "USA"]
[SourceTitle "EXT 2023"]
[Source "ChessBase"]
[SourceDate "2022.10.05"]
[SourceVersion "1"]
[SourceVersionDate "2022.10.05"]
[SourceQuality "1"]

1. d4 d5 2. c4 e6 3. Nc3 c5 4. cxd5 exd5 5. Nf3 Nc6 6. g3 Nf6 7. Bg2 Be7 8. 0-0 0-0 9. Bg5 c4 10. b3 cxb3 11. Qxb3 Na5 12. Qc2 Be6 13. Ne5 Rc8 14. Qd3 b6 15. Rac1 Ba3 16. Rc2 Be7 17. Rfc1 h6 18. Bxf6 Bxf6 19. Nb5 a6 20. Nc7 Nc4 21. Nxe6 fxe6 22. Nxc4 dxc4 23. Rxc4 Rxc4 24. Rxc4 b5 25. Rc6 Bxd4 26. Rxa6 Bxf2+ 27. Kh1 Qc8 28. Rc6 Qa8 29. Qb3 Qa5 30. Qxe6+ Kh8 31. Bd5 Qe1+ 32. Kg2 Qg1+ 33. Kh3 Qf1+ 34. Bg2 Qb1 35. Rc8 Rxc8 36. Qxc8+ Kh7 37. Qe6 g6 38. Be4 Qf1+ 39. Bg2 Qc1 40. Qf7+ Kh8 41. Qxf2 Qc8+ 42. g4 h5 43. Bf3 1-0

[Event "Titled Tuesday intern op 14th Dec"]
[Site "Chess.com INT"]
[Date "2021.12.14"]
[Round "5"]
[White "Dogan, Mire Deniz"]
[Black "Rangel, Daniel"]
[Result "0-1"]
[WhiteElo "1987"]
[BlackElo "2196"]
[PlyCount "60"]
[EventDate "2021.12.14"]
[EventType "swiss (blitz)"]
[EventRounds "11"]
[EventCountry "USA"]
[SourceTitle "EXT 2023"]
[Source "ChessBase"]
[SourceDate "2022.10.05"]
[SourceVersion "1"]
[SourceVersionDate "2022.10.05"]
[SourceQuality "1"]

1. b4 Nf6 2. Bb2 g6 3. Nf3 Bg7 4. e3 0-0 5. c4 d6 6. Be2 e5 7. 0-0 Nc6 8. a3 Ne7 9. d3 Nd7 10. Qc2 f5 11. Nbd2 Nf6 12. Rfd1 Bh6 13. Rac1 g5 14. c5 g4 15. Ne1 Ne8 16. d4 e4 17. cxd6 cxd6 18. d5 Bg7 19. Bxg7 Nxg7 20. Qc7 Qxc7 21. Rxc7 Kf7 22. Nc4 Ne8 23. Rxe7+ Kxe7 24. Nc2 Bd7 25. Nd4 Rc8 26. Na5 Rc7 27. g3 Nf6 28. Kg2 Nxd5 29. Nxf5+ Rxf5 30. Rxd5 Rxd5 0-1

[Event "Titled Tuesday intern op 04th May"]
[Site "Chess.com INT"]
[Date "2021.05.04"]
[Round "4"]
[White "Dogan, Mire Deniz"]
[Black "Selbes, Tarik"]
[Result "1-0"]
[WhiteElo "1987"]
[BlackElo "2235"]
[PlyCount "45"]
[EventDate "2021.05.04"]
[EventType "swiss (blitz)"]
[EventRounds "11"]
[EventCountry "USA"]
[SourceTitle "CBM 202 Extra"]
[Source "ChessBase"]
[SourceDate "2021.07.31"]
[SourceVersion "1"]
[SourceVersionDate "2021.07.31"]
[SourceQuality "1"]

1. d4 b6 2. c4 e6 3. Nc3 Bb7 4. e4 Bb4 5. f3 Ne7 6. Bd3 0-0 7. Nge2 d6 8. 0-0 c5 9. d5 Bxc3 10. Nxc3 e5 11. f4 exf4 12. Bxf4 Ng6 13. Qh5 a6 14. Rf3 Qe7 15. Rh3 h6 16. Bxh6 gxh6 17. Qxh6 Re8 18. Rf1 Bc8 19. Qh7+ Kf8 20. Rg3 Ra7 21. Rxg6 Qe5 22. Rg8+ Ke7 23. Qxf7+ 1-0

[Event "Titled Tuesday intern op 04th May"]
[Site "Chess.com INT"]
[Date "2021.05.04"]
[Round "1"]
[White "Dogan, Mire Deniz"]
[Black "Villegas, Pierre"]
[Result "1-0"]
[WhiteElo "1987"]
[BlackElo "2367"]
[PlyCount "127"]
[EventDate "2021.05.04"]
[EventType "swiss (blitz)"]
[EventRounds "11"]
[EventCountry "USA"]
[SourceTitle "CBM 202 Extra"]
[Source "ChessBase"]
[SourceDate "2021.07.31"]
[SourceVersion "1"]
[SourceVersionDate "2021.07.31"]
[SourceQuality "1"]

1. d4 d5 2. c4 e6 3. Nc3 a6 4. a4 Bb4 5. Nf3 Nf6 6. Bg5 h6 7. Bxf6 Qxf6 8. cxd5 exd5 9. e3 0-0 10. Qb3 Nc6 11. Be2 Be6 12. 0-0 Qd8 13. Na2 Bd6 14. Rac1 Qd7 15. Bd3 f5 16. Bb1 f4 17. Ne5 Nxe5 18. dxe5 Bxe5 19. exf4 Bxf4 20. Rcd1 c6 21. g3 Bd6 22. f4 Bf5 23. Bxf5 Rxf5 24. Nb4 Re8 25. Nd3 Rf7 26. Rf2 Rfe7 27. Rdd2 Re3 28. Kg2 Qf5 29. Qxb7 Rxd3 30. Qxc6 Qe4+ 31. Kh3 Rxd2 32. Rxd2 Qe6+ 33. Kg2 Bf8 34. Qxd5 Qxd5+ 35. Rxd5 Re2+ 36. Kf3 Rxb2 37. Ra5 Rxh2 38. Rxa6 Ra2 39. Ra8 Kf7 40. a5 Ra3+ 41. Kg4 Be7 42. a6 g6 43. Kh3 h5 44. Kg2 Bd6 45. Kf2 h4 46. gxh4 Bxf4 47. Kg2 Bg3 48. Kh3 Bc7+ 49. Kg4 Kg7 50. Ra7 Rc3 51. Rb7 Rc4+ 52. Kf3 Kf6 53. a7 Ra4 54. Rxc7 Ra3+ 55. Ke4 Ra4+ 56. Kd5 Ra1 57. Kc6 Ra2 58. Kb7 Rb2+ 59. Kc8 Ra2 60. Kb8 Kf5 61. a8Q Rxa8+ 62. Kxa8 Kg4 63. Rc4+ Kh5 64. Kb7 1-0

[Event "Titled Tuesday intern op 04th May"]
[Site "Chess.com INT"]
[Date "2021.05.04"]
[Round "2"]
[White "Oliveira, Silvio Eduardo"]
[Black "Dogan, Mire Deniz"]
[Result "1-0"]
[WhiteElo "2321"]
[BlackElo "1987"]
[PlyCount "57"]
[EventDate "2021.05.04"]
[EventType "swiss (blitz)"]
[EventRounds "11"]
[EventCountry "USA"]
[SourceTitle "CBM 202 Extra"]
[Source "ChessBase"]
[SourceDate "2021.07.31"]
[SourceVersion "1"]
[SourceVersionDate "2021.07.31"]
[SourceQuality "1"]

1. e4 e6 2. d4 d5 3. Nc3 dxe4 4. Nxe4 Nd7 5. Nf3 Ngf6 6. Nxf6+ Nxf6 7. Bd3 c5 8. Bg5 cxd4 9. Qe2 Be7 10. 0-0-0 Qa5 11. Kb1 0-0 12. h4 b5 13. Bxf6 Bxf6 14. Qe4 g6 15. Qxa8 Qb6 16. Qe4 Bb7 17. Qf4 Bg7 18. h5 Bd5 19. hxg6 fxg6 20. Qh4 h6 21. Qg4 e5 22. Qxg6 Qa5 23. Rxh6 e4 24. Qh7+ Kf7 25. Qf5+ Ke7 26. Qxd5 Bxh6 27. Ne5 exd3 28. Nc6+ Ke8 29. Qe6# 1-0

[Event "Titled Tuesday intern op 04th May"]
[Site "Chess.com INT"]
[Date "2021.05.04"]
[Round "10"]
[White "Sztokbant, Bernardo Vainzoff"]
[Black "Dogan, Mire Deniz"]
[Result "1-0"]
[WhiteElo "2194"]
[BlackElo "1987"]
[PlyCount "69"]
[EventDate "2021.05.04"]
[EventType "swiss (blitz)"]
[EventRounds "11"]
[EventCountry "USA"]
[SourceTitle "CBM 202 Extra"]
[Source "ChessBase"]
[SourceDate "2021.07.31"]
[SourceVersion "1"]
[SourceVersionDate "2021.07.31"]
[SourceQuality "1"]

1. e4 c5 2. Nf3 d6 3. d4 cxd4 4. Nxd4 Nf6 5. Nc3 a6 6. Be2 e5 7. Nb3 Be7 8. 0-0 0-0 9. a4 Be6 10. f4 exf4 11. Bxf4 Nc6 12. Qd2 Ne5 13. Kh1 Rc8 14. Nd4 Qb6 15. Rab1 Nc4 16. Bxc4 Rxc4 17. Rfd1 Bg4 18. a5 Qc5 19. Nb3 Qh5 20. Re1 Be6 21. Nd4 Ng4 22. Rbd1 Bg5 23. h3 Rxd4 24. Qxd4 Bxf4 25. Kg1 Qh6 26. hxg4 Bg3 27. Ne2 Qh2+ 28. Kf1 Bxe1 29. Rxe1 Bxg4 30. Ng1 f5 31. e5 dxe5 32. Qxe5 f4 33. Qd5+ Kh8 34. Qd6 Rg8 35. Re4 1-0

[Event "Titled Tuesday intern op 27th Apr"]
[Site "Chess.com INT"]
[Date "2021.04.27"]
[Round "6"]
[White "Andreev, Eduard"]
[Black "Dogan, Mire Deniz"]
[Result "1-0"]
[WhiteElo "2422"]
[BlackElo "1987"]
[PlyCount "89"]
[EventDate "2021.04.27"]
[EventType "swiss (blitz)"]
[EventRounds "11"]
[EventCountry "USA"]
[SourceTitle "CBM 202 Extra"]
[Source "ChessBase"]
[SourceDate "2021.07.31"]
[SourceVersion "1"]
[SourceVersionDate "2021.07.31"]
[SourceQuality "1"]

1. e4 e6 2. d4 d5 3. e5 c5 4. c3 Nc6 5. Nf3 Qb6 6. a3 Nh6 7. b4 cxd4 8. cxd4 Nf5 9. Be3 Bd7 10. Bd3 Rc8 11. Nbd2 Be7 12. 0-0 g6 13. Nb3 h5 14. Qd2 a6 15. Bxf5 gxf5 16. Bg5 Rg8 17. h4 Na7 18. Nc5 Bb5 19. Rfe1 Bc4 20. a4 Nc6 21. Rab1 Qa7 22. b5 axb5 23. axb5 Nb8 24. Bxe7 Kxe7 25. b6 Qa2 26. Rb2 Qa3 27. Re3 Qa1+ 28. Re1 Qa3 29. Ng5 Nd7 30. Nxb7 Rb8 31. Nd6 Rxb6 32. Rxb6 Nxb6 33. Rb1 Nd7 34. Ndxf7 Rc8 35. Rb7 Ba6 36. Rb1 Bd3 37. Qb4+ Qxb4 38. Rxb4 Rc1+ 39. Kh2 Rd1 40. Nd6 Be4 41. f3 Bc2 42. Kg3 Bd3 43. Ra4 Bc2 44. Ra8 Rxd4 45. Re8# 1-0

[Event "Titled Tuesday intern op 27th Apr"]
[Site "Chess.com INT"]
[Date "2021.04.27"]
[Round "3"]
[White "Dogan, Mire Deniz"]
[Black "Ibrayev, Nurlan"]
[Result "0-1"]
[WhiteElo "1987"]
[BlackElo "2388"]
[PlyCount "87"]
[EventDate "2021.04.27"]
[EventType "swiss (blitz)"]
[EventRounds "11"]
[EventCountry "USA"]
[SourceTitle "CBM 202 Extra"]
[Source "ChessBase"]
[SourceDate "2021.07.31"]
[SourceVersion "1"]
[SourceVersionDate "2021.07.31"]
[SourceQuality "1"]

1. d4 Nf6 2. c4 e6 3. Nf3 c5 4. d5 d6 5. Nc3 exd5 6. cxd5 g6 7. a4 Bg7 8. h3 0-0 9. Bf4 Nh5 10. Bh2 f5 11. e3 f4 12. exf4 Nxf4 13. Bxf4 Rxf4 14. Be2 Na6 15. Qd2 Qf6 16. 0-0 Nb4 17. Rae1 Bd7 18. Nh2 Rf8 19. Bg4 Bxg4 20. Nxg4 Qd4 21. Qe2 h5 22. Qe6+ Kh7 23. Ne3 R8f6 24. Qe7 Nd3 25. Nb5 Qxa4 26. Nc3 Qb4 27. Re2 Nxb2 28. Na2 Qa3 29. Nc1 Nd3 30. Nxd3 Qxd3 31. Rb2 b5 32. Qxa7 Rf7 33. Qa2 Bxb2 34. Qxb2 Rxf2 35. Rxf2 Qxe3 36. Kf1 Qxf2+ 37. Qxf2 Rxf2+ 38. Kxf2 Kg7 39. Ke3 Kf6 40. Ke4 b4 41. g3 g5 42. g4 h4 43. Ke3 Ke5 44. Kd3 0-1

[Event "Titled Tuesday intern op 09th Mar"]
[Site "Chess.com INT"]
[Date "2021.03.09"]
[Round "7"]
[White "Dogan, Mire Deniz"]
[Black "Quinonez Garcia, Santiago"]
[Result "1-0"]
[WhiteElo "1987"]
[BlackElo "2240"]
[PlyCount "111"]
[EventDate "2021.03.09"]
[EventType "swiss (blitz)"]
[EventRounds "11"]
[EventCountry "USA"]
[SourceTitle "CBM 201 Extra"]
[Source "ChessBase"]
[SourceDate "2021.05.31"]
[SourceVersion "1"]
[SourceVersionDate "2021.05.31"]
[SourceQuality "1"]

1. b4 e5 2. Bb2 d6 3. e4 Nf6 4. Nc3 Be7 5. Nf3 0-0 6. h3 h6 7. Bc4 Be6 8. Qe2 Nc6 9. a3 Nd4 10. Nxd4 exd4 11. Nd5 Re8 12. 0-0 c5 13. c3 dxc3 14. Bxc3 Bxd5 15. exd5 a6 16. b5 Nd7 17. bxa6 bxa6 18. Bxa6 Bf6 19. Qb5 Rb8 20. Qa4 Nb6 21. Qc6 Ra8 22. Bb5 Re7 23. a4 Rc8 24. a5 Rxc6 25. dxc6 Na8 26. a6 Bxc3 27. dxc3 Qb6 28. Rfb1 Rc7 29. a7 g6 30. Ba4 Qxa7 31. Bc2 Qxa1 32. Rxa1 Nb6 33. Ra6 Nc8 34. Be4 Kg7 35. c4 Ne7 36. Bd5 Kf6 37. f4 Rc8 38. Kf2 g5 39. g3 h5 40. Kf3 h4 41. gxh4 gxf4 42. Kxf4 Ng6+ 43. Kg4 Ne5+ 44. Kf4 Ke7 45. Ra7+ Kf6 46. h5 Rh8 47. Rd7 Rxh5 48. Rxd6+ Ke7 49. c7 Nd3+ 50. Ke3 Kxd6 51. c8Q Ne5 52. Qd8+ Nd7 53. h4 Re5+ 54. Kd3 Rf5 55. Kc2 Rh5 56. Qg8 1-0

[Event "Titled Tuesday intern op 09th Mar"]
[Site "Chess.com INT"]
[Date "2021.03.09"]
[Round "2"]
[White "Sirosh, Ilja"]
[Black "Dogan, Mire Deniz"]
[Result "1-0"]
[WhiteElo "2400"]
[BlackElo "1987"]
[PlyCount "77"]
[EventDate "2021.03.09"]
[EventType "swiss (blitz)"]
[EventRounds "11"]
[EventCountry "USA"]
[SourceTitle "CBM 201 Extra"]
[Source "ChessBase"]
[SourceDate "2021.05.31"]
[SourceVersion "1"]
[SourceVersionDate "2021.05.31"]
[SourceQuality "1"]

1. e4 e6 2. d4 d5 3. exd5 exd5 4. Nf3 Bd6 5. c4 Bb4+ 6. Nc3 Nf6 7. cxd5 0-0 8. Bc4 Nxd5 9. 0-0 Nxc3 10. bxc3 Bxc3 11. Bg5 Qd6 12. Rc1 Ba5 13. Ne5 Be6 14. Bd3 h6 15. Bxh6 gxh6 16. Qh5 Bc8 17. Rc5 Bd2 18. Ng4 Bxg4 19. Qxg4+ Kh8 20. Qf5 Qg6 21. Qe5+ Qg7 22. Qxc7 Na6 23. Qxb7 Nxc5 24. dxc5 Rab8 25. Qxa7 Rg8 26. g3 Rb2 27. c6 Bc3 28. c7 Bd4 29. Qa6 Bxf2+ 30. Rxf2 Rxf2 31. Kxf2 Qd4+ 32. Kg2 Qd5+ 33. Kg1 Qd4+ 34. Kg2 Qd5+ 35. Kh3 Qe6+ 36. Qxe6 fxe6 37. Ba6 Kg7 38. c8Q Rd8 39. Qxd8 1-0

[Event "Titled Tuesday intern op 02nd Mar"]
[Site "Chess.com INT"]
[Date "2021.03.02"]
[Round "8"]
[White "Dogan, Mire Deniz"]
[Black "Abrashkin, Boris Vladimirovich"]
[Result "0-1"]
[WhiteElo "1987"]
[BlackElo "2407"]
[PlyCount "42"]
[EventDate "2021.03.02"]
[EventType "swiss (blitz)"]
[EventRounds "11"]
[EventCountry "USA"]
[SourceTitle "CBM 201 Extra"]
[Source "ChessBase"]
[SourceDate "2021.05.31"]
[SourceVersion "1"]
[SourceVersionDate "2021.05.31"]
[SourceQuality "1"]

1. d4 Nc6 2. c4 e5 3. d5 Nce7 4. Nc3 Ng6 5. e4 Bc5 6. Nf3 Nf6 7. g3 0-0 8. Bg2 d6 9. Qe2 h6 10. Be3 Bxe3 11. Qxe3 Ng4 12. Qe2 f5 13. h3 Nf6 14. Nd2 f4 15. 0-0-0 a6 16. Bf3 Bd7 17. Kb1 b5 18. cxb5 axb5 19. h4 b4 20. Nb5 Qb8 21. a4 bxa3 0-1

[Event "Titled Tuesday intern op 09th Feb"]
[Site "Chess.com INT"]
[Date "2021.02.09"]
[Round "5"]
[White "Sokolovsky, Yahli"]
[Black "Dogan, Mire Deniz"]
[Result "1-0"]
[WhiteElo "2472"]
[BlackElo "1987"]
[PlyCount "53"]
[EventDate "2021.02.09"]
[EventType "swiss (blitz)"]
[EventRounds "11"]
[EventCountry "USA"]
[SourceTitle "EXT 2022"]
[Source "ChessBase"]
[SourceDate "2021.10.06"]
[SourceVersion "1"]
[SourceVersionDate "2021.10.06"]
[SourceQuality "1"]

1. b3 c5 2. Bb2 d5 3. e3 Nc6 4. Bb5 Qb6 5. Bxc6+ Qxc6 6. f4 Nf6 7. Nf3 Bg4 8. 0-0 e6 9. d3 Be7 10. Nbd2 h5 11. h3 Bf5 12. Ne5 Qc7 13. g4 hxg4 14. hxg4 Bh7 15. g5 Nd7 16. Ndf3 f6 17. Nxd7 Kxd7 18. c4 fxg5 19. Ne5+ Kc8 20. cxd5 exd5 21. Qg4+ Kb8 22. Nd7+ Kc8 23. Nxc5+ Kb8 24. Be5 Bd6 25. Nd7+ Kc8 26. Rac1 Bxe5 27. Nxe5+ 1-0

[Event "TUR-chT 1st League"]
[Site "Konya"]
[Date "2019.07.26"]
[Round "7.5"]
[White "Dogan, Mire Deniz"]
[Black "Molla, Ersen"]
[Result "1/2-1/2"]
[WhiteElo "2025"]
[BlackElo "1982"]
[PlyCount "79"]
[EventDate "2019.07.22"]
[EventType "team-swiss"]
[EventRounds "9"]
[EventCountry "TUR"]
[SourceTitle "CBM 191 Extra"]
[Source "ChessBase"]
[SourceDate "2019.09.30"]
[SourceVersion "1"]
[SourceVersionDate "2019.09.30"]
[SourceQuality "1"]
[WhiteTeam "Aydin Egitim Merkezi"]
[BlackTeam "Karsiyaka Ihtisas"]
[WhiteTeamCountry "TUR"]
[BlackTeamCountry "TUR"]

1. d4 Nf6 2. c4 g6 3. Nc3 Bg7 4. e4 d6 5. f3 0-0 6. Be3 c5 7. Nge2 Nc6 8. d5 Ne5 9. Ng3 h5 10. Be2 h4 11. Nf1 e6 12. Nd2 exd5 13. cxd5 a6 14. a4 Qc7 15. 0-0 Rb8 16. h3 Nh7 17. f4 Nd7 18. Nf3 c4 19. Bd4 b5 20. axb5 axb5 21. Bxg7 Kxg7 22. Qd4+ Kg8 23. Ra7 Qc5 24. Ra5 Qb4 25. Ra7 Qc5 26. e5 Qxd4+ 27. Nxd4 dxe5 28. Nc6 Bb7 29. Nxb8 Rxb8 30. Nxb5 Bxd5 31. Nc7 Bc6 32. Bxc4 Rxb2 33. Nd5 Kg7 34. Rc7 Bxd5 35. Bxd5 Nhf6 36. fxe5 Nxe5 37. Re1 Nd3 38. Rd1 Ne5 39. Re1 Nd3 40. Rd1 1/2-1/2

[Event "TUR-chT 1st League"]
[Site "Konya"]
[Date "2019.07.23"]
[Round "3.9"]
[White "Dogan, Mire Deniz"]
[Black "Tuna, Alp"]
[Result "0-1"]
[WhiteElo "2025"]
[BlackElo "2208"]
[PlyCount "60"]
[EventDate "2019.07.22"]
[EventType "team-swiss"]
[EventRounds "9"]
[EventCountry "TUR"]
[SourceTitle "CBM 191 Extra"]
[Source "ChessBase"]
[SourceDate "2019.09.30"]
[SourceVersion "1"]
[SourceVersionDate "2019.09.30"]
[SourceQuality "1"]
[WhiteTeam "Aydin Egitim Merkezi"]
[BlackTeam "Bogazici Universitesi"]
[WhiteTeamCountry "TUR"]
[BlackTeamCountry "TUR"]

1. b4 d5 2. Bb2 Qd6 3. a3 e5 4. e3 c6 5. c4 Nf6 6. cxd5 Nxd5 7. Nc3 Nxc3 8. dxc3 Be6 9. Bd3 Nd7 10. Qe2 Nb6 11. e4 Bb3 12. h4 0-0-0 13. Rh3 Be7 14. c4 Qe6 15. c5 Na4 16. Rc1 Bxh4 17. Ba1 Bg5 18. Rb1 Ba2 19. Rd1 b5 20. cxb6 Nxb6 21. Bxe5 Qxe5 22. Qxa2 Kb8 23. Kf1 Bh6 24. Qc2 Qe6 25. a4 Rd4 26. a5 Na8 27. Rb1 Rhd8 28. Ne2 R4d6 29. b5 c5 30. Bc4 Qxc4 0-1

[Event "TUR-chT 1st League"]
[Site "Konya"]
[Date "2018.07.19"]
[Round "5.9"]
[White "Dogan, Mire Deniz"]
[Black "Garabetyan, Arno"]
[Result "1/2-1/2"]
[WhiteElo "2037"]
[BlackElo "2142"]
[PlyCount "98"]
[EventDate "2018.07.16"]
[EventType "team-swiss"]
[EventRounds "9"]
[EventCountry "TUR"]
[SourceTitle "EXT 2019"]
[Source "ChessBase"]
[SourceDate "2018.10.10"]
[SourceVersion "1"]
[SourceVersionDate "2018.10.10"]
[SourceQuality "1"]
[WhiteTeam "Aydin Egitim Merkezi"]
[BlackTeam "Bogazici Universitesi"]
[WhiteTeamCountry "TUR"]
[BlackTeamCountry "TUR"]

1. b4 e5 2. Bb2 Bxb4 3. Bxe5 Nf6 4. Nf3 Nc6 5. Bb2 d5 6. e3 0-0 7. Be2 Be6 8. 0-0 h6 9. Ba3 Bxa3 10. Nxa3 Qe7 11. Nb5 a6 12. Nbd4 Nxd4 13. exd4 b5 14. Ne5 c5 15. dxc5 Qxc5 16. d4 Qc3 17. Qd3 Rfc8 18. Qxc3 Rxc3 19. Bd3 b4 20. a3 bxa3 21. Rfb1 Nd7 22. Nf3 Rb8 23. Nd2 a5 24. Rxb8+ Nxb8 25. Nb1 Rc8 26. Rxa3 Nc6 27. c3 Rb8 28. Nd2 Rb2 29. Nb3 g6 30. h3 Kg7 31. Nxa5 Nxa5 32. Rxa5 Rb3 33. Rc5 Kf6 34. Ba6 h5 35. Bc8 Rb1+ 36. Kh2 h4 37. Ba6 g5 38. Be2 Ke7 39. Bf3 Kd6 40. c4 dxc4 41. Rc6+ Ke7 42. d5 Bd7 43. Rxc4 Rb2 44. Rc7 Kd6 45. Ra7 Rxf2 46. Ra6+ Ke5 47. Ra7 Kd6 48. Ra6+ Ke5 49. Ra7 Kd6 1/2-1/2

[Event "TUR-chT 1st League"]
[Site "Konya"]
[Date "2018.07.18"]
[Round "4.8"]
[White "Dogan, Mire Deniz"]
[Black "Eldemir, Goksu"]
[Result "1-0"]
[WhiteElo "2037"]
[BlackElo "1907"]
[PlyCount "134"]
[EventDate "2018.07.16"]
[EventType "team-swiss"]
[EventRounds "9"]
[EventCountry "TUR"]
[SourceTitle "EXT 2019"]
[Source "ChessBase"]
[SourceDate "2018.10.10"]
[SourceVersion "1"]
[SourceVersionDate "2018.10.10"]
[SourceQuality "1"]
[WhiteTeam "Aydin Egitim Merkezi"]
[BlackTeam "Burdurspor Dernegi"]
[WhiteTeamCountry "TUR"]
[BlackTeamCountry "TUR"]

1. d4 Nf6 2. c4 Nc6 3. Nc3 e5 4. dxe5 Nxe5 5. e3 Bb4 6. Bd2 d6 7. Be2 0-0 8. Nf3 c6 9. a3 Ba5 10. Nxe5 dxe5 11. Qc2 Qe7 12. e4 h6 13. b4 Bc7 14. Be3 a5 15. Bc5 Bd6 16. Bxd6 Qxd6 17. c5 Qc7 18. 0-0 Bg4 19. Bxg4 Nxg4 20. Na4 Rad8 21. Nb6 axb4 22. axb4 Rd4 23. Nc4 Rfd8 24. Ra7 Qb8 25. Ra3 Qc7 26. f3 Nf6 27. Rfa1 Qe7 28. Ra8 Kh7 29. Rxd8 Qxd8 30. Rb1 Nh5 31. g3 Qg5 32. Kf2 Qd8 33. Rb2 Qf6 34. Nd6 b5 35. Qb3 Nf4 36. gxf4 Qxf4 37. Kg2 Qg5+ 38. Kf1 Qc1+ 39. Ke2 Qg1 40. Qe3 Qxh2+ 41. Qf2 Qf4 42. Rc2 g6 43. Nxb5 Rxb4 44. Nd6 Rd4 45. Qg2 h5 46. Qh3 Kg7 47. Nc4 Kh7 48. Ne3 Ra4 49. Ng2 Qg5 50. Kf2 Ra3 51. Qh4 Kh6 52. Qxg5+ Kxg5 53. Ne3 Kf4 54. Ng2+ Kg5 55. Ne1 f5 56. exf5 Kxf5 57. Rc4 g5 58. Nc2 Ra2 59. Kg3 Ra5 60. Nb4 Ra4 61. Re4 g4 62. Nxc6 Rxe4 63. fxe4+ Ke6 64. Kh4 Kf6 65. Nb4 Ke6 66. Nd3 Kf6 67. Nf2 Kg6 1-0